Historia y crítica de las exposiciones nacionales de bellas artes celebradas en España / (Record no. 93853)

MARC details
000 -LEADER
campo de control de longitud fija 00896nam a2200229 i 4500
001 - NÚMERO DE CONTROL
campo de control 93853
003 - IDENTIFICADOR DE NÚMERO DE CONTROL
campo de control ES-MaACL
005 - FECHA Y HORA DE LA ÚLTIMA TRANSACCIÓN
campo de control 20240427063118.0
007 - CAMPO FIJO DE DESCRIPCIÓN FÍSICA--INFORMACIÓN GENERAL
campo de control de longitud fija t|
008 - DATOS DE LONGITUD FIJA--INFORMACIÓN GENERAL
campo de control de longitud fija 050421s1948 sp ||||1| spa d
100 1# - ENTRADA PRINCIPAL--NOMBRE DE PERSONA
Nombre de persona Pantorba, Bernardino de,
Fechas asociadas al nombre 1896-1990
9 (RLIN) 88829
245 10 - MENCIÓN DEL TÍTULO
Título Historia y crítica de las exposiciones nacionales de bellas artes celebradas en España /
Mención de responsabilidad, etc. Bernardino de Pantorba ; prólogo de Eduardo Chicharro.
260 ## - PUBLICACIÓN, DISTRIBUCIÓN, ETC.
Lugar de publicación, distribución, etc. Madrid :
Nombre del editor, distribuidor, etc. Compañía Bibliográfica Española,
Fecha de publicación, distribución, etc. 1948.
300 ## - DESCRIPCIÓN FÍSICA
Extensión XXIII, 564 p., CXVIII lám. ;
Dimensiones 22 cm.
611 24 - PUNTO DE ACCESO ADICIONAL DE MATERIA--NOMBRE DE REUNIÓN/CONGRESO
Nombre de congreso/reunión o jurisdicción como elemento de entrada Exposición Nacional de Bellas Artes-
Subdivisión de forma Historia.
9 (RLIN) 151050
650 #4 - PUNTO DE ACCESO ADICIONAL DE MATERIA--TÉRMINO DE MATERIA
Término de materia o nombre geográfico como elemento de entrada Pintura española-
Subdivisión cronológica S.XIX.
9 (RLIN) 143830
650 #4 - PUNTO DE ACCESO ADICIONAL DE MATERIA--TÉRMINO DE MATERIA
Término de materia o nombre geográfico como elemento de entrada Pintura española-
Subdivisión cronológica S.XX.
9 (RLIN) 16042
700 1# - ENTRADA AGREGADA--NOMBRE PERSONAL
Nombre de persona Chicharro, Eduardo.
9 (RLIN) 38481
710 2# - ENTRADA AGREGADA--NOMBRE DE ENTIDAD CORPORATIVA
Nombre de entidad corporativa o nombre de jurisdicción como elemento de entrada Compañía Bibliográfica Española.
9 (RLIN) 171207
852 ## - LOCALIZACIÓN
Ubicación ES-MaACL
Número de control de estantería D-7778
Holdings
Estatus retirado Estado de pérdida Estado de daño No para préstamo Biblioteca de origen Biblioteca actual Ubicación en estantería Fecha de adquisición Fuente de adquisición Total de préstamos Signatura topográfica completa Código de barras Visto por última vez Precio de reemplazo Tipo de ítem Koha
        Biblioteca del Ateneo de Madrid Biblioteca del Ateneo de Madrid Sala Valle Inclán 17/01/2008     D-7778 901098018 23/02/2023 23/02/2023 Libro impreso